| 000 | 00509nam a2200181Ia 4500 | ||
|---|---|---|---|
| 008 | 240729s9999 xx 000 0 und d | ||
| 022 | _a2073-4735 | ||
| 245 | 0 | _aBreathe | |
| 260 | _aUnited Kingdom | ||
| 260 | _bEuropean Respiratory Society | ||
| 650 | _a Diseases of the respiratory system | ||
| 650 | _a Internal medicine | ||
| 650 | _a Specialties of internal medicine | ||
| 650 | _aMedicine | ||
| 856 | _uhttps://doaj.org/toc/22aae1edeb0e46cead3447917999f024 | ||
| 942 | _2ddc | ||
| 942 | _cDOAJEJ | ||
| 999 |
_c69028 _d69028 |
||
| 945 |
_a1 _bMadushi Gamage _c1 _dMadushi Gamage |
||